000 00596nam a2200241Ia 4500
003 OSt
005 20220930184532.0
006 a|||||r|||| 00| 0
007 ta
008 220926b |||||||| |||| 00| 0 eng d
024 _a90611
037 _cTextbook
040 _aCRL
_cCRL
_beng
041 _2eng
_aeng
082 _aWx, L0
100 _aSharma O.P.
245 0 _aTen great lives
260 _aChandiga
_bPanjab University India
_c1970
300 _a112p.
_ccm.
650 _aPOLITICAL SCIENCE
942 _hWx, L0
_cTB
_2CC
999 _c888694
_d888694